00699nam a2200241 a 4500001001300000003000900013005001700022008004100039020002300080082001500103100001600118245003900134260003800173300000900211500003500220505001100255650002700266700001600293902000800309942000700317952011600324999001700440nice12345678IN_TiNIC20260116014755.0090403s2008 dela grp 000 0 eng  a9788189981105c70000a305.4bMEN aMenon, Usha aWomen and Work in Globalising Asia aDelhi bSwastik Publishers c2008 a264p aincludes index and biblioraphy2 abiblio aWomen and Human Rights1 aMenon, Usha bSRS cBK 001040708StackRoom-aHMIbHMId2009-04-03g700.00l0o305.4 MENp022744r2009-04-03v700.00w2009-04-03yBK c16888d16888